| 000 | 00787nam a2200265Ia 4500 | ||
|---|---|---|---|
| 003 | OSt | ||
| 005 | 20220926013700.0 | ||
| 006 | a|||||r|||| 00| 0 | ||
| 007 | ta | ||
| 008 | 220923b |||||||| |||| 00| 0 eng d | ||
| 037 | _cGeneral Book | ||
| 040 |
_aRTL _cRTL _beng |
||
| 041 |
_2eng _aeng |
||
| 082 | _aB2893, L4;M5 | ||
| 100 |
_aGross Donald _9297944 |
||
| 245 | 0 | _aFundamentals of queueing theory | |
| 250 | _a2 | ||
| 260 |
_aNew York _bJohn Wiley _c1985 |
||
| 300 |
_axii,587p _ccm. |
||
| 490 | _aWiley Series in Probability and Mathematical Statistics | ||
| 500 | _aBibliography: p 509-518; Appendix: p 519-576 | ||
| 700 |
_a Harris Carl M _9297945 |
||
| 942 |
_hB2893, L4;M5 _cGB _2CC |
||
| 999 |
_c626561 _d626561 |
||